Modified Graphene Oxide Nanocomposites for Biomedical Applications with CD (MS-MAT-2016) (Record no. 28743)
[ view plain ]
| 000 -LEADER | |
|---|---|
| fixed length control field | 00391nam a22001457a 4500 |
| 003 - CONTROL NUMBER IDENTIFIER | |
| control field | SCME |
| 005 - DATE AND TIME OF LATEST TRANSACTION | |
| control field | 20180124183322.0 |
| 008 - FIXED-LENGTH DATA ELEMENTS--GENERAL INFORMATION | |
| fixed length control field | 161005t xxu||||| |||| 00| 0 eng d |
| 040 ## - CATALOGING SOURCE | |
| Transcribing agency | SCME |
| 082 ## - DEWEY DECIMAL CLASSIFICATION NUMBER | |
| Classification number | 620.110 U86M |
| 100 ## - MAIN ENTRY--PERSONAL NAME | |
| Personal name | Adil Usman |
| 9 (RLIN) | 1556 |
| 245 ## - TITLE STATEMENT | |
| Title | Modified Graphene Oxide Nanocomposites for Biomedical Applications with CD (MS-MAT-2016) |
| 260 ## - PUBLICATION, DISTRIBUTION, ETC. | |
| Place of publication, distribution, etc. | SCME |
| Date of publication, distribution, etc. | 2016. |
| 300 ## - PHYSICAL DESCRIPTION | |
| Extent | 79p. |
| Dimensions | 29cm. |
| 942 ## - ADDED ENTRY ELEMENTS (KOHA) | |
| Source of classification or shelving scheme | |
| Koha item type | Thesis |
| Withdrawn status | Lost status | Source of classification or shelving scheme | Damaged status | Not for loan | Permanent Location | Current Location | Shelving location | Date acquired | Total Checkouts | Full call number | Barcode | Date last seen | Price effective from | Koha item type |
|---|---|---|---|---|---|---|---|---|---|---|---|---|---|---|
| Central Library (CL) | Central Library (CL) | Thesis | 02/26/2020 | 620.5 | CL-T-5217 | 02/26/2020 | 02/26/2020 | Thesis |
